000 00650nam a2200205Ia 4500
003 GCL
008 140319s9999 xx 000 0 ara d
040 _aGCL /
_cGCL
082 0 4 _aق
_b962.054
_bا م
100 1 _aسامى ابوالنور
245 1 0 _aمذكراتى /
_cسامى ابوالنور
700 1 _aاسماعيل صدقى
300 _a296 ص
490 _aصفحات من تاريخ مصر
_v0
650 0 4 _aالتراجم الذاتية
650 0 4 _aاسماعيل صدقى
650 0 4 _aمصر - الاحوال السياسية
650 0 4 _aمصر - تاريخ - العصر الحديث (1805 - 1956 )
942 _2ddc
_cBK
999 _c52149
_d52149